[Event "Bronshoj Jub"]
[Site "Bronshoj"]
[Date "1985.??.??"]
[Round "9"]
[White "Mortensen, Erling"]
[Black "Karlsson, Lars"]
[Result "1/2-1/2"]
[WhiteElo "2460"]
[BlackElo "2550"]
[PlyCount "127"]

1. e4 e6 2. Nf3 d5 3. e5 c5 4. b4 cxb4 5. a3 bxa3 6. d4 Nc6 7. c3 f5 8. Bd3 Bd7
9. g4 Nge7 10. gxf5 Nxf5 11. Ng5 Nce7 12. Nxa3 h6 13. Nh3 Qc7 14. Nb5 Bxb5 15.
Bxb5+ Kf7 16. Bd2 g6 17. Rg1 a6 18. Bd3 Rg8 19. Nf4 Qc6 20. Qf3 b5 21. Rb1 Rb8
22. Qh3 Rb7 23. Kf1 Ke8 24. Kg2 g5 25. Nh5 Kd8 26. Kh1 Rg6 27. f4 g4 28. Rxg4
Rxg4 29. Qxg4 b4 30. cxb4 Qb6 31. Qg1 Rc7 32. Ra1 Qxd4 33. Qxd4 Nxd4 34. Rxa6
Nf3 35. Be3 Rc3 36. Bb6+ Kc8 37. Be2 Kb7 38. Bc5 Nh4 39. Kg1 Rc2 40. Kf1 Nef5
41. Bxf8 Nd4 42. Ra7+ Kxa7 43. Bc5+ Rxc5 44. bxc5 Nhf5 45. Ng3 Ng7 46. Bd1 Ka6
47. Ba4 Ka5 48. Bd7 Nb3 49. f5 Nxf5 50. Nxf5 Nxc5 51. Bxe6 Nxe6 52. Nxh6 Kb4
53. Ng4 Kc4 54. h4 Ng7 55. Kf2 d4 56. Kf3 Kd5 57. Kf4 d3 58. Ne3+ Kd4 59. Nf1
Kd5 60. Nd2 Kd4 61. Nf3+ Kd5 62. Ke3 Nf5+ 63. Kf4 d2 64. Nxd2 1/2-1/2

[Event "Bronshoj Jub"]
[Site "Bronshoj"]
[Date "1985.??.??"]
[Round "9"]
[White "Pinter, Jozsef"]
[Black "Olafsson, Helgi"]
[Result "1/2-1/2"]
[WhiteElo "2540"]
[BlackElo "2515"]
[PlyCount "68"]

1. d4 d5 2. Nf3 c5 3. e3 Nf6 4. c4 cxd4 5. exd4 e6 6. Nc3 Bb4 7. Bd3 dxc4 8.
Bxc4 O-O 9. O-O b6 10. Re1 Bb7 11. Bg5 Nc6 12. a3 Be7 13. Qd3 Rc8 14. Rad1 Nd5
15. Bxd5 exd5 16. Qf5 g6 17. Qxd5 Qxd5 18. Nxd5 Bxg5 19. Nxg5 Rfd8 20. Ne7+
Nxe7 21. Rxe7 Rxd4 22. Rde1 Bxg2 23. Nxf7 Bd5 24. Nh6+ Kh8 25. Rd7 Rf8 26. f3
Rh4 27. Rxd5 Rxh6 28. Rd7 a5 29. Rb7 Rh5 30. Ree7 b5 31. Kg2 Rg5+ 32. Kf2 Rh5
33. h4 Rxh4 34. Rxb5 Rhf4 1/2-1/2

[Event "Bronshoj Jub"]
[Site "Bronshoj"]
[Date "1985.??.??"]
[Round "9"]
[White "Plaskett, Jim"]
[Black "Hoi, Carsten"]
[Result "1-0"]
[WhiteElo "2495"]
[BlackElo "2380"]
[PlyCount "79"]

1. e4 e6 2. d3 d5 3. Nd2 Nf6 4. Ngf3 Be7 5. g3 b6 6. Bg2 Bb7 7. e5 Nfd7 8. O-O
a5 9. Re1 Na6 10. Nf1 Nac5 11. Ne3 c6 12. h4 h5 13. b3 b5 14. a3 Na6 15. Qe2
Nc7 16. Bb2 g6 17. c4 bxc4 18. dxc4 Nc5 19. Nd4 O-O 20. Rad1 Re8 21. Qc2 Bf8
22. Nf3 Qe7 23. g4 Ne4 24. gxh5 gxh5 25. Nf1 c5 26. Ng3 Nxg3 27. fxg3 Bh6 28.
Bc1 Bxc1 29. Rxc1 Qf8 30. Ng5 Qg7 31. Rf1 Rf8 32. Rf6 Ne8 33. Nxe6 fxe6 34. Rg6
Rd8 35. Bh3 d4 36. Bxe6+ Kh8 37. Rxg7 Nxg7 38. Qg6 Nxe6 39. Qh6+ Kg8 40. Qxe6+
1-0

[Event "Bronshoj Jub"]
[Site "Bronshoj"]
[Date "1985.??.??"]
[Round "10"]
[White "Kristiansen, Jens"]
[Black "Mortensen, Erling"]
[Result "1-0"]
[WhiteElo "2455"]
[BlackElo "2460"]
[PlyCount "63"]

1. e4 e5 2. Nf3 Nc6 3. Bb5 f5 4. Nc3 fxe4 5. Nxe4 Nf6 6. d3 d5 7. Ng3 Bd6 8. c4
a6 9. Bxc6+ bxc6 10. c5 Bxc5 11. Nxe5 O-O 12. O-O Bb6 13. b3 Nd7 14. Bb2 Nxe5
15. Bxe5 Rf7 16. d4 a5 17. Qc2 Qd7 18. Rac1 a4 19. b4 Ba6 20. Rfe1 a3 21. Qd2
Bc4 22. Nf1 Bb5 23. Rc3 Ra4 24. Rg3 Ra8 25. Ne3 Raf8 26. Ng4 Kh8 27. Nh6 Re7
28. Ree3 Rfe8 29. Rxg7 Rxg7 30. Bxg7+ Kxg7 31. Rg3+ Kh8 32. Qe3 1-0

[Event "Bronshoj Jub"]
[Site "Bronshoj"]
[Date "1985.??.??"]
[Round "10"]
[White "Larsen, Bent"]
[Black "Pinter, Jozsef"]
[Result "1/2-1/2"]
[WhiteElo "2520"]
[BlackElo "2540"]
[PlyCount "93"]

1. g3 Nf6 2. Bg2 d5 3. Nf3 c6 4. O-O Bg4 5. d3 e6 6. Nbd2 Be7 7. Rb1 a5 8. e4
O-O 9. b3 Nbd7 10. Bb2 b5 11. Qe2 b4 12. h3 Bh5 13. g4 Bg6 14. Ne5 Nxe5 15.
Bxe5 Qb6 16. Kh1 dxe4 17. dxe4 Nd7 18. Bb2 e5 19. Rbd1 Rfd8 20. Nc4 Qc7 21.
Rxd7 Rxd7 22. Nxe5 Rdd8 23. f4 f6 24. Nxg6 hxg6 25. e5 fxe5 26. Qc4+ Kh7 27.
Be4 Rf8 28. Bxe5 Qc8 29. Rd1 Qa6 30. Qxa6 Rxa6 31. g5 Rd8 32. Rxd8 Bxd8 33. h4
c5 34. h5 Re6 35. hxg6+ Kh8 36. Bf5 Rxe5 37. fxe5 Kg8 38. Kg2 Bc7 39. e6 Kf8
40. Kf3 Ke7 41. Ke4 Kd6 42. e7 Kxe7 43. Kd5 Bf4 44. Kxc5 Kd8 45. Kb6 Bc7+ 46.
Kb7 Bd6 47. Ka6 1/2-1/2

[Event "Bronshoj Jub"]
[Site "Bronshoj"]
[Date "1985.??.??"]
[Round "10"]
[White "Olafsson, Helgi"]
[Black "Hjartarson, Johann"]
[Result "1-0"]
[WhiteElo "2515"]
[BlackElo "2530"]
[PlyCount "68"]

1. d4 Nf6 2. Nf3 g6 3. c4 Bg7 4. Nc3 O-O 5. e4 d6 6. Be2 Nbd7 7. O-O e5 8. Be3
c6 9. Qc2 Qe7 10. Rfe1 exd4 11. Bxd4 Ne5 12. Rad1 Nfd7 13. Qd2 Nc5 14. h3 Ne6
15. Be3 Rd8 16. Nd4 Nxd4 17. Bxd4 Be6 18. b3 g5 19. Bh5 Ng6 20. Bxg7 Kxg7 21.
Bxg6 hxg6 22. Nd5 Bxd5 23. exd5 Qf6 24. Re3 c5 25. Rf3 Qd4 26. Qc1 Qh4 27. Qc3+
Kg8 28. Qf6 Rd7 29. Re1 Rf8 30. g4 Qh8 31. Qxg5 Qd4 32. Kg2 a6 33. Rfe3 Rdd8
34. Re7 b5 1-0

[Event "Bronshoj Jub"]
[Site "Bronshoj"]
[Date "1985.??.??"]
[Round "11"]
[White "Hjartarson, Johann"]
[Black "Larsen, Bent"]
[Result "1/2-1/2"]
[WhiteElo "2530"]
[BlackElo "2520"]
[PlyCount "46"]

1. d4 e6 2. c4 Bb4+ 3. Bd2 Qe7 4. Nf3 f5 5. g3 Nf6 6. Bg2 O-O 7. Nc3 Ne4 8.
Nxe4 fxe4 9. Ne5 Bxd2+ 10. Qxd2 d5 11. O-O Nd7 12. Ng4 Nf6 13. Ne3 Bd7 14. Rac1
c6 15. b4 a5 16. bxa5 Qa3 17. cxd5 cxd5 18. Rc5 Bc6 19. Bh3 Rfe8 20. Rb1 Nd7
21. Rb3 Qa4 22. Rb4 Qa3 23. Rb3 Qa4 1/2-1/2

[Event "Bronshoj Jub"]
[Site "Bronshoj"]
[Date "1985.??.??"]
[Round "11"]
[White "Mortensen, Erling"]
[Black "Hansen, Curt"]
[Result "1/2-1/2"]
[WhiteElo "2460"]
[BlackElo "2505"]
[PlyCount "24"]

1. e4 c6 2. d4 d5 3. exd5 cxd5 4. c4 Nf6 5. Nc3 e6 6. Nf3 Bb4 7. cxd5 exd5 8.
Bd3 O-O 9. Ne5 Ne4 10. O-O Nxc3 11. bxc3 Bxc3 12. Bxh7+ Kxh7 1/2-1/2

[Event "Bronshoj Jub"]
[Site "Bronshoj"]
[Date "1985.??.??"]
[Round "11"]
[White "Pinter, Jozsef"]
[Black "Karlsson, Lars"]
[Result "1/2-1/2"]
[WhiteElo "2540"]
[BlackElo "2550"]
[PlyCount "106"]

1. d4 e6 2. c4 Bb4+ 3. Bd2 a5 4. Nf3 Nf6 5. g3 b6 6. Bg2 Bb7 7. O-O O-O 8. Bf4
Be7 9. Nc3 Ne4 10. Qc2 Nxc3 11. Qxc3 Be4 12. Rad1 d6 13. Qe3 Bb7 14. Qd3 Nd7
15. e4 a4 16. Rfe1 Re8 17. Qc2 Qc8 18. Bh3 Bf6 19. Be3 g6 20. Nd2 Qd8 21. Nb1
e5 22. d5 Bc8 23. Nc3 Bg5 24. Bxg5 Qxg5 25. Nxa4 Qh5 26. Bg2 f5 27. exf5 gxf5
28. Nc3 Nf6 29. Nb5 Re7 30. f4 e4 31. b3 Ba6 32. Nd4 Rd8 33. Qe2 Qg6 34. Bh3
Bc8 35. Qe3 Rg7 36. Qc3 Qh5 37. Bf1 Rg6 38. Rd2 Qh6 39. Rg2 Qg7 40. Be2 h5 41.
Qe3 Kh7 42. h4 Bd7 43. a4 Ra8 44. Kh1 Qf8 45. Qc3 Qc8 46. Nc2 c6 47. dxc6 Qxc6
48. Ne3 Rag8 49. Kh2 d5 50. Rd1 Be6 51. Qe5 Qc5 52. Qd4 Qc7 53. Qe5 Qc5 1/2-1/2